Bruno Mars' Songs by Emoji/s - Statistics

General Stats
  • This quiz has been taken 8 times
  • The average score is 11 of 16
Answer Stats
Hint Answer % Correct
πŸ…°οΈπŸ…ΏοΈπŸ‘• APT
100%
πŸ”’πŸͺ½πŸ˜‡πŸͺ½ Locked out of Heaven
100%
πŸ¦₯🎢 The Lazy Song
100%
πŸ’€πŸ˜„ Die with a Smile
80%
πŸƒβ€β™‚οΈβ¬…οΈπŸ‘Ά Runaway Baby
80%
πŸ—£οΈ2οΈβƒ£πŸŒ• Talking to the Moon
80%
πŸ’£ Grenade
60%
πŸ₯¬πŸšͺπŸ‘ Leave the Door Open
60%
πŸ₯°πŸš‚ Love's Train
60%
πŸ’‘πŸ«΅ Marry You
60%
πŸ†™πŸ˜πŸ•Ί Uptown Funk
60%
πŸ›Œβ¬†οΈβ˜οΈ Wake Up in the Sky
60%
🍺🍸πŸͺ🟦 Liquor Store Blues
40%
πŸŒ•βœ¨ Moonshine
40%
2οΈβƒ£πŸ‘πŸ—£οΈπŸ™‹β€β™‚οΈ Too Good to Say Goodbye
40%
πŸͺ™πŸͺ™πŸͺ™πŸͺ™ Treasure
40%
No matching quizzes found
Score Distribution
Percent of People with Each Score
Percentile by Number Answered
Your Score History
You have not taken this quiz